Platonica orientalia: Aufdeckung einer philosophischen Tradition
| Main Author: | |
|---|---|
| Format: | Print Book |
| Language: | German |
| Subito Delivery Service: | Order now. |
| Check availability: | HBZ Gateway |
| WorldCat: | WorldCat |
| Interlibrary Loan: | Interlibrary Loan for the Fachinformationsdienste (Specialized Information Services in Germany) |
| Published: |
Frankfurt am Main
Klostermann
2004
|
| In: | Year: 2004 |
| Standardized Subjects / Keyword chains: | B
Plato 427 BC-347 BC
/ Ancient Orient
|
| Further subjects: | B
Plato
Influence
B Thesis B Neoplatonism B Philosophy, Asian |
| Online Access: |
Table of Contents |
MARC
| LEADER | 00000cam a2200000 c 4500 | ||
|---|---|---|---|
| 001 | 39604171X | ||
| 003 | DE-627 | ||
| 005 | 20251223203944.0 | ||
| 007 | tu | ||
| 008 | 040929s2004 gw ||||| m 00| ||ger c | ||
| 010 | |a 2005419621 | ||
| 015 | |a 04,N42,0088 |2 dnb | ||
| 016 | 7 | |a 972271171 |2 DE-101 | |
| 020 | |a 9783465033615 |c : Ln. : EUR 98.00, sfr 160.00 |9 978-3-465-03361-5 | ||
| 020 | |a 3465033612 |c Ln. : EUR 98.00, sfr 160.00 |9 3-465-03361-2 | ||
| 024 | 3 | |a 9783465033615 | |
| 035 | |a (DE-627)39604171X | ||
| 035 | |a (DE-576)113833539 | ||
| 035 | |a (DE-599)GBV39604171X | ||
| 035 | |a (OCoLC)238177870 | ||
| 035 | |a (OCoLC)58799373 | ||
| 035 | |a (AT-OBV)AC04363253 | ||
| 040 | |a DE-627 |b ger |c DE-627 |e rakwb | ||
| 041 | |a ger | ||
| 044 | |c XA-DE-HE | ||
| 050 | 0 | |a B395 | |
| 082 | 0 | |a 100 | |
| 082 | 0 | 4 | |a 100 |
| 084 | |a 1 |2 ssgn | ||
| 084 | |a CD 3067 |2 rvk |0 (DE-625)rvk/17770:11616 | ||
| 084 | |a 08.21 |2 bkl | ||
| 084 | |a 15.26 |2 bkl | ||
| 084 | |a 08.43 |2 bkl | ||
| 100 | 1 | |0 (DE-588)113602464 |0 (DE-627)47856404X |0 (DE-576)289768004 |4 aut |a Jeck, Udo Reinhold |d 1952- | |
| 109 | |a Jeck, Udo Reinhold 1952- |a Jeck, Udo R. 1952- | ||
| 245 | 1 | 0 | |a Platonica orientalia |b Aufdeckung einer philosophischen Tradition |c Udo Reinhold Jeck |
| 263 | |a Ln. : EUR 98.00, sfr 160.00 | ||
| 264 | 1 | |a Frankfurt am Main |b Klostermann |c 2004 | |
| 300 | |a 687 S |c 24 cm | ||
| 336 | |a Text |b txt |2 rdacontent | ||
| 337 | |a ohne Hilfsmittel zu benutzen |b n |2 rdamedia | ||
| 338 | |a Band |b nc |2 rdacarrier | ||
| 502 | |a Zugl.: Bochum, Univ., Habil.-Schr., 2001/2002 | ||
| 505 | 8 | |a Literaturverz. S. [547] - 600 | |
| 600 | 1 | 0 | |a Plato |x Influence |
| 601 | |a Philosophie | ||
| 601 | |a Tradition | ||
| 650 | 0 | |a Philosophy, Asian | |
| 650 | 0 | |a Neoplatonism | |
| 655 | 7 | |a Hochschulschrift |0 (DE-588)4113937-9 |0 (DE-627)105825778 |0 (DE-576)209480580 |2 gnd-content | |
| 689 | 0 | 0 | |d p |0 (DE-588)118594893 |0 (DE-627)134399323 |0 (DE-576)162571674 |2 gnd |a Plato |d v427-v347 |
| 689 | 0 | 1 | |d g |0 (DE-588)4001451-4 |0 (DE-627)106397052 |0 (DE-576)208842934 |2 gnd |a Alter Orient |
| 689 | 0 | |5 DE-101 | |
| 751 | |a Bochum |0 (DE-588)4007328-2 |0 (DE-627)106374028 |0 (DE-576)208869697 |4 uvp | ||
| 856 | 4 | 2 | |u https://swbplus.bsz-bw.de/bsz113833539inh.htm |m V:DE-576 |v 2005-03-07 |3 Inhaltsverzeichnis |7 1 |
| 935 | |a mteo | ||
| 935 | |i Blocktest | ||
| 936 | r | v | |a CD 3067 |b Abhandlungen, Studien |k Philosophie |k Geschichte der Philosophie |k Geschichte der Philosophie des Abendlandes von Antike bis 20. Jahrhundert |k Philosophie der griechischen Antike |k Autoren |k Plato |k Abhandlungen, Studien |0 (DE-627)1271286858 |0 (DE-625)rvk/17770:11616 |0 (DE-576)201286858 |
| 936 | b | k | |a 08.21 |j Griechische Philosophie |j römische Philosophie |0 (DE-627)106402579 |
| 936 | b | k | |a 15.26 |j Alter Orient |j Nordafrika |x Alte Geschichte |0 (DE-627)181571021 |
| 936 | b | k | |a 08.43 |j Geschichtsphilosophie |0 (DE-627)106403028 |
| 951 | |a BO | ||
| ELC | |b 1 | ||
| ITA | |a 1 | ||
| LOK | |0 000 xxxxxcx a22 zn 4500 | ||
| LOK | |0 001 3179776617 | ||
| LOK | |0 003 DE-627 | ||
| LOK | |0 004 39604171X | ||
| LOK | |0 005 20071210101604 | ||
| LOK | |0 008 050221||||||||||||||||ger||||||| | ||
| LOK | |0 040 |a DE-21-35 |c DE-627 |d DE-21-35 | ||
| LOK | |0 541 |e 05/111 | ||
| LOK | |0 852 |a DE-21-35 | ||
| LOK | |0 852 1 |c Ec 33.301 |m p |9 00 | ||
| LOK | |0 935 |a kneu | ||
| LOK | |0 938 |k p | ||
| LOK | |0 939 |a 21-02-05 |b l01 | ||
| LOK | |0 000 xxxxxcx a22 zn 4500 | ||
| LOK | |0 001 3179776625 | ||
| LOK | |0 003 DE-627 | ||
| LOK | |0 004 39604171X | ||
| LOK | |0 005 20080612165318 | ||
| LOK | |0 008 050820||||||||||||||||ger||||||| | ||
| LOK | |0 040 |a DE-21-46 |c DE-627 |d DE-21-46 | ||
| LOK | |0 541 |e 2005/47 | ||
| LOK | |0 689 |a s |0 1311369376 |a Orient | ||
| LOK | |0 689 |a s |0 1311393811 |a Okzident | ||
| LOK | |0 852 |a DE-21-46 | ||
| LOK | |0 852 1 |c B 2b/2005,7 |m p |9 00 | ||
| LOK | |0 935 |a k046 |a i046 |a kneu | ||
| LOK | |0 938 |k p | ||
| LOK | |0 939 |a 20-08-05 |b l01 | ||
| LOK | |0 000 xxxxxcx a22 zn 4500 | ||
| LOK | |0 001 3179776641 | ||
| LOK | |0 003 DE-627 | ||
| LOK | |0 004 39604171X | ||
| LOK | |0 005 20100407125620 | ||
| LOK | |0 008 050503||||||||||||||||ger||||||| | ||
| LOK | |0 040 |a DE-21-45 |c DE-627 |d DE-21-45 | ||
| LOK | |0 541 |e 43978 | ||
| LOK | |0 852 |a DE-21-45 | ||
| LOK | |0 852 1 |c A PLAT 6195 |m p |9 00 | ||
| LOK | |0 938 |k p | ||
| LOK | |0 939 |a 03-05-05 |b l01 | ||
| ORI | |a SA-MARC-ixtheoa001.raw | ||
| REL | |a 1 | ||
| STA | 0 | 0 | |a Ancient Orient |
| SUB | |a REL | ||
| SYA | 0 | 0 | |a Platon |
| SYG | 0 | 0 | |a Aristokles,v427-v347,Eflātun,v427-v347,Eflatun,v427-v347,Platonius,v427-v347,Platão,v427-v347,Platōnas,v427-v347,Platonas,v427-v347,Pseudo-Plato,v427-v347,Platao,v427-v347,Po-la-t'u,v427-v347,Bolatu,v427-v347,P'urat'on,v427-v347,P'ullat'o,v427-v347,P'ullat'on,v427-v347,Ps.-Platon,v427-v347,Pġaton,v427-v347,Plato,Atheniensus,v427-v347,Aflaṭôn,v427-v347,Aplaṭôn,v427-v347,Aflāṭūn,v427-v347,Platōn,v427-v347,Plato,Atheniensis,v427-v347,Plato,Athenensis,v427-v347,Plato,Philosophus,v427-v347,Platon,Philosoph,v427-v347,Platon,Sohn des Ariston,v427-v347,Platon,von Athen,v427-v347,Plato,von Athen,v427-v347,Plato,Philosoph,v427-v347,Platon,d'Athènes,v427-v347,Platon,dÁthènes,v427-v347,Platone,v427-v347,Pseudo-Platon,v427-v347 , Orient,Vorderasien,Orient |



